[Event "GRE-ch U16"]
[Site "Peristeri"]
[Date "2023.07.06"]
[Round "6"]
[White "Kalogridis, Themistoklis"]
[Black "Balafoutis, Ilias"]
[Result "1/2-1/2"]
[WhiteElo "1746"]
[BlackElo "1432"]
[PlyCount "155"]
[EventDate "2023.07.03"]
[EventType "swiss"]
[EventRounds "9"]
[EventCountry "GRE"]
[SourceTitle "EXT 2024"]
[Source "ChessBase"]
[SourceDate "2023.10.10"]
[SourceVersion "1"]
[SourceVersionDate "2023.10.10"]
[SourceQuality "1"]

1. d4 Nf6 2. c4 g6 3. Nc3 Bg7 4. e4 d6 5. Be2 0-0 6. Be3 Nbd7 7. Qc2 e5 8. d5 Nc5 9. h4 h5 10. f3 a5 11. Nh3 c6 12. 0-0-0 cxd5 13. cxd5 Bd7 14. Kb1 Qb8 15. Bxc5 dxc5 16. Bb5 Rc8 17. Ng1 a4 18. Qe2 Ra5 19. Qc4 Bxb5 20. Nxb5 Nd7 21. Nh3 Nb6 22. Qe2 c4 23. Nc3 Qd6 24. a3 Nd7 25. g4 hxg4 26. fxg4 Bf8 27. Rdf1 Qb6 28. Qf3 Bxa3 29. Rh2 Rf8 30. h5 Be7 31. Ng1 a3 32. Qh3 axb2 33. Rxb2 Qd4 34. Rd1 Qa7 35. Kc2 b5 36. hxg6 fxg6 37. Qh6 Qf2+ 38. Nge2 Qf6 39. Rh1 Qg7 40. Qxg7+ Kxg7 41. Rxb5 Rxb5 42. Nxb5 Rf2 43. Kd2 Bb4+ 44. Ke3 Bc5+ 45. Kd2 Nf6 46. Nbc3 Nxg4 47. Rb1 Be3+ 48. Ke1 Nh2 49. Rb7+ Kh6 50. Kd1 Nf3 51. d6 Nd4 52. Nxd4 exd4 53. Nd5 Rd2+ 54. Ke1 c3 55. Nxe3 dxe3 56. Rc7 c2 57. d7 Kg5 58. Rxc2 Rxd7 59. Ke2 Kf4 60. e5 Rd4 61. Rc6 g5 62. Rg6 Rd2+ 63. Ke1 Kf5 64. Rg8 Rd5 65. e6 Kxe6 66. Re8+ Kf5 67. Rxe3 Re5 68. Rxe5+ Kxe5 69. Kf1 Kf5 70. Kg1 Ke5 71. Kf1 Kf5 72. Kg1 Ke4 73. Kg2 Kf4 74. Kf2 g4 75. Kg2 g3 76. Kg1 Kf3 77. Kf1 g2+ 78. Kg1 1/2-1/2

[Event "GRE-ch U14"]
[Site "Thessaloniki"]
[Date "2022.08.19"]
[Round "3"]
[White "Mylonakis, Ioannis Georg"]
[Black "Kalogridis, Themistoklis"]
[Result "1/2-1/2"]
[WhiteElo "1738"]
[BlackElo "1648"]
[PlyCount "60"]
[EventDate "2022.08.18"]
[EventType "swiss"]
[EventRounds "9"]
[EventCountry "GRE"]
[SourceTitle "EXT 2023"]
[Source "ChessBase"]
[SourceDate "2022.10.05"]
[SourceVersion "1"]
[SourceVersionDate "2022.10.05"]
[SourceQuality "1"]

1. d4 d5 2. c4 e6 3. Nc3 c5 4. cxd5 cxd4 5. Qa4+ Bd7 6. Qxd4 exd5 7. Qxd5 Nf6 8. Qd1 Bc5 9. e3 0-0 10. Bd3 Qe7 11. Nge2 Rd8 12. Qc2 Nc6 13. a3 Ne5 14. 0-0 Nxd3 15. Qxd3 Rac8 16. b4 Bd6 17. Nd4 Bxh2+ 18. Kxh2 Qe5+ 19. Kg1 Ng4 20. Nf3 Qxc3 21. Qxc3 Rxc3 22. Rd1 Rdc8 23. Bb2 Rc2 24. Rac1 h6 25. Rxc2 Rxc2 26. Rd2 Rc7 27. Ne5 Nxe5 28. Bxe5 Rc1+ 29. Kh2 Bc6 30. Kg3 f6 1/2-1/2

[Event "EU-ch Amateur Online Final 1400/1700"]
[Site "Tornelo INT"]
[Date "2021.04.18"]
[Round "7"]
[White "Attinger, Roman Rae"]
[Black "Kalogridis, Themistoklis"]
[Result "1-0"]
[WhiteElo "1655"]
[BlackElo "1409"]
[PlyCount "95"]
[EventDate "2021.04.18"]
[EventType "swiss (rapid)"]
[EventRounds "9"]
[EventCountry "NET"]
[SourceTitle "EXT 2023"]
[Source "ChessBase"]
[SourceDate "2022.10.05"]
[SourceVersion "1"]
[SourceVersionDate "2022.10.05"]
[SourceQuality "1"]

1. d4 d5 2. Nc3 Nf6 3. Bf4 e6 4. e3 c5 5. Nb5 Na6 6. c3 c4 7. a4 Nh5 8. Qxh5 Bd7 9. Nf3 Be7 10. Ne5 0-0 11. Nxd7 Qxd7 12. Be2 Rfc8 13. 0-0 Nb8 14. Qg4 a6 15. Na3 Nc6 16. Nc2 Bd6 17. Bxd6 Qxd6 18. Qg3 Qd7 19. Ne1 Na5 20. Bd1 b5 21. Nf3 Nc6 22. axb5 axb5 23. Rxa8 Rxa8 24. Ne5 Nxe5 25. Qxe5 f6 26. Qh5 b4 27. Bc2 g6 28. Qe2 b3 29. Bb1 Kg7 30. e4 Re8 31. Re1 Kf7 32. exd5 Qxd5 33. Qe4 Qb5 34. f4 Qa5 35. g4 Qa7 36. Kg2 Qd7 37. Kf2 Re7 38. h4 f5 39. gxf5 gxf5 40. Qe5 Qc7 41. Rg1 Qxe5 42. fxe5 Rd7 43. h5 Rd8 44. Kf3 Rd7 45. h6 Rd8 46. Rg7+ Kf8 47. Rxh7 Ra8 48. Rh8+ 1-0

[Event "GRE-ch Online Blitz op 1st"]
[Site "Tornelo INT"]
[Date "2021.02.07"]
[Round "3"]
[White "Kalogridis, Themistoklis"]
[Black "Papachristopoulos, Georgios"]
[Result "0-1"]
[WhiteElo "1189"]
[BlackElo "1658"]
[PlyCount "52"]
[EventDate "2021.02.07"]
[EventType "swiss (blitz)"]
[EventRounds "16"]
[EventCountry "GRE"]
[SourceTitle "EXT 2023"]
[Source "ChessBase"]
[SourceDate "2022.10.05"]
[SourceVersion "1"]
[SourceVersionDate "2022.10.05"]
[SourceQuality "1"]

1. d4 Nf6 2. c4 e5 3. dxe5 Ng4 4. Bf4 g5 5. Bg3 Nc6 6. Nf3 Bg7 7. e3 Ngxe5 8. Nxe5 Nxe5 9. Nc3 Qe7 10. h4 d6 11. hxg5 Qxg5 12. Bd3 Be6 13. Ne4 Qe7 14. Qb3 0-0-0 15. Bh4 f6 16. 0-0-0 d5 17. cxd5 Bxd5 18. Qa4 Nxd3+ 19. Rxd3 Bxe4 20. Rxd8+ Rxd8 21. Qxa7 b6 22. Qa6+ Kb8 23. Qc4 Bd3 24. Qc3 Qe6 25. b3 f5 26. Kb2 Bxc3+ 0-1